| 000 | 00739nam a2200229 a 4500 | ||
|---|---|---|---|
| 001 | 000043149 | ||
| 005 | 20201002040656.0 | ||
| 008 | 140220s2004 dr a 000 0 spa d | ||
| 040 |
_aDO-SdBNP _bspa _cBNPHU |
||
| 082 |
_a004 _bS232c |
||
| 100 | 1 |
_aSantana, Elizabeth _970709 |
|
| 245 | 1 | 0 |
_aCajero nivel computarizado / _cElizabet Santana, Rafael Rodríguez. |
| 246 | 1 | 4 | _aCajero nivel computarizado |
| 260 |
_aSanto Domingo : _bCENTU, _c[199-?]. |
||
| 300 |
_a24 p. ; _c28 cm. |
||
| 590 | _aInventariado,2018/DG | ||
| 650 | 4 |
_aInformática _95660 |
|
| 650 | 4 |
_aMicrocomputadores _96111 |
|
| 700 | 1 | 2 |
_aRodríguez, Rafael _970710 |
| 710 | 2 |
_aCentro de Tecnología Universal (CENTU) _970701 |
|
| 910 | _aValidado. Control de calidad EMS | ||
| 999 |
_c42638 _d42638 |
||